LEADER 00992nam--2200361---450- 001 990003087040203316 005 20080326160946.0 010 $a0-393-00673-5 035 $a000308704 035 $aUSA01000308704 035 $a(ALEPH)000308704USA01 035 $a000308704 100 $a20080326d1973----km-y0itay50------ba 101 $aeng 102 $aUS 105 $a||||||||001yy 200 1 $aForm and fable in American fiction$fDaniel Hoffman 210 $aNew York$cW. W. Norton & Co$d1973 215 $aXVI, 368 p.$d20 cm 410 0$12001 454 1$12001 461 1$1001-------$12001 606 0 $aLetteratura e folclore$xStoria$yStati uniti$zsec.19 676 $a813.309 700 1$aHOFFMAN,$bDaniel$0166251 801 0$aIT$bsalbc$gISBD 912 $a990003087040203316 951 $aII.8.B.89$b1731 DSLL 959 $aBK 969 $aDSLL 979 $aDSLL$b90$c20080326$lUSA01$h1609 996 $aForm and fable in American Fiction$9206916 997 $aUNISA LEADER 02390oam 2200517zu 450 001 9910131910703321 005 20210807004748.0 010 $a2-86906-350-4 010 $a2-8218-2120-4 024 7 $a10.4000/books.pufr.1364 035 $a(CKB)3460000000122188 035 $a(SSID)ssj0001387309 035 $a(PQKBManifestationID)12456678 035 $a(PQKBTitleCode)TC0001387309 035 $a(PQKBWorkID)11378625 035 $a(PQKB)11038839 035 $a(FrMaCLE)OB-pufr-1364 035 $a(oapen)https://directory.doabooks.org/handle/20.500.12854/62158 035 $a(PPN)182828921 035 $a(oapen)doab62158 035 $a(EXLCZ)993460000000122188 100 $a20160829d2000 uy 101 0 $afre 135 $auu||||||m|||| 181 $ctxt 182 $cc 183 $acr 200 00$aVille, Espace Urbain et Archéologie: Essai 210 $cPresses universitaires François-Rabelais$d2000 210 31$a[Place of publication not identified]$cUnknown Publisher$d2000 215 $a1 online resource (136 p.) 300 $aBibliographic Level Mode of Issuance: Monograph 311 08$a2-86906-135-8 330 $aConsacré à une réflexion sur la pratique de l'archéologie urbaine, cet essai s'attache à définir les limites imposées à la recherche par les sources historiques (écrites, archéologiques, planimétriques) et les conditions de leur mise en ?uvre conjointe afin de comprendre et d'expliquer les interactions entre le fonctionnement et la fabrique de la ville. Chercheur au CNRS, Henri Galinié est archéologue et spécialiste des villes. Ses travaux portent sur la ville de Tours antique et médiévale, sur l'archéologie urbaine ainsi que sur la transition urbaine entre Antiquité et Moyen Age, en Europe du Nord-Ouest. Depuis 1992, il est directeur de l'UMR Archéologie et territoires, unité mixte CNRS-Université de Tours, après avoir été directeur du Centre National d'Archéologie Urbaine du ministère de la Culture, de 1984 à 1992. 610 $aespace urbain 610 $aTours 610 $aarchéologie urbaine 610 $aarchéologie 676 $a930.1/09173/2 700 $aGalinie?$b Henri$0459296 702 $aGalinié$b Henri 801 0$bPQKB 906 $aBOOK 912 $a9910131910703321 996 $aVille, Espace Urbain et Archéologie: Essai$92867335 997 $aUNINA